[Event "Whitsun Grandmasters IM 2014"]
[Site "Copenhagen"]
[Date "2014.06.05"]
[Round "5"]
[White "Nilsen, Joachim Birger"]
[Black "Carstensen, Jacob"]
[Result "1/2-1/2"]
[WhiteElo "2334"]
[BlackElo "2383"]
[PlyCount "84"]
[EventDate "2014.??.??"]

1. c4 Nf6 2. g3 e6 3. Nf3 d5 4. d4 dxc4 5. Bg2 Nc6 6. O-O Rb8 7. e3 b5 8. b3
cxb3 9. axb3 Bd6 10. Bb2 a6 11. Qe2 O-O 12. Rc1 Nb4 13. Ne5 Bxe5 14. dxe5 Nd7
15. Nd2 c5 16. Ne4 Bb7 17. Nxc5 Nxc5 18. Rxc5 Bxg2 19. Kxg2 Nd3 20. Rc3 Nxb2
21. Qxb2 Qd5+ 22. Kg1 Qxe5 23. Rxa6 Rbc8 24. Rc2 Qe4 25. Rd2 Rfd8 26. Ra1 Rxd2
27. Qxd2 h5 28. h4 Rc2 29. Qd8+ Kh7 30. Qg5 Qf3 31. Rf1 Qf5 32. Qxf5+ exf5 33.
Rd1 Rc3 34. b4 Rc4 35. Rd5 Rxb4 36. Rxf5 Kg6 37. Rg5+ Kh6 38. Rf5 f6 39. Kg2
Kg6 40. Rc5 Rb2 41. e4 Rb3 42. Rc7 Kh6 1/2-1/2

[Event "Whitsun Grandmasters IM 2014"]
[Site "Copenhagen"]
[Date "2014.06.05"]
[Round "5"]
[White "Nilssen, John Arni"]
[Black "Schoorl, Rob"]
[Result "1/2-1/2"]
[WhiteElo "2328"]
[BlackElo "2337"]
[PlyCount "88"]
[EventDate "2014.??.??"]

1. d4 e6 2. c4 f5 3. g3 Nf6 4. Bg2 c6 5. Nf3 d5 6. O-O Bd6 7. b3 O-O 8. Ba3
Bxa3 9. Nxa3 Nbd7 10. Nc2 Qe7 11. Nce1 dxc4 12. bxc4 e5 13. dxe5 Nxe5 14. Nxe5
Qxe5 15. Nd3 Qe7 16. Qc2 Ne4 17. c5 Be6 18. Rab1 Rad8 19. Rb4 Bc8 20. Rc1 Rde8
21. Rd4 g5 22. e3 Rf7 23. Re1 h5 24. f4 h4 25. Ne5 Rg7 26. Bxe4 fxe4 27. Re2
hxg3 28. hxg3 gxf4 29. exf4 Rxg3+ 30. Rg2 Qg7 31. Rxg3 Qxg3+ 32. Qg2 Qxg2+ 33.
Kxg2 Bf5 34. Kf2 Kg7 35. Rb4 Re7 36. Ke3 Kf6 37. Rd4 Rh7 38. Rd8 Rh3+ 39. Kd4
e3 40. Rf8+ Ke6 41. Re8+ Kf6 42. Rf8+ Ke6 43. Re8+ Kf6 44. Rf8+ Ke6 1/2-1/2

[Event "Whitsun Grandmasters IM 2014"]
[Site "Copenhagen"]
[Date "2014.06.06"]
[Round "6"]
[White "Hansen, Soren Bech"]
[Black "Lund, Silas"]
[Result "1/2-1/2"]
[WhiteElo "2325"]
[BlackElo "2410"]
[PlyCount "146"]
[EventDate "2014.??.??"]

1. Nf3 d5 2. c4 d4 3. g3 Nc6 4. Bg2 e5 5. d3 Nf6 6. O-O Bd6 7. e3 O-O 8. exd4
Nxd4 9. Nxd4 exd4 10. Bg5 h6 11. Bxf6 Qxf6 12. Nd2 c6 13. Qc2 Re8 14. Rfe1 Be6
15. c5 Bc7 16. b4 a5 17. a3 Ra7 18. Qb2 Rd8 19. b5 cxb5 20. Qxb5 Bd7 21. Qc4
Be6 22. Qb5 Bd7 23. Qc4 b5 24. cxb6 Bxb6 25. Rab1 Rc8 26. Qb3 Bd8 27. Ne4 Qa6
28. Qd5 Be6 29. Qxd4 Rd7 30. Qa4 Qxd3 31. Rbd1 Qc4 32. Qxc4 Rxc4 33. Rxd7 Bxd7
34. Rd1 Rc7 35. Nc5 Rxc5 36. Rxd7 Rc1+ 37. Bf1 Bb6 38. Rd3 f5 39. Kg2 Rc2 40.
Rf3 g6 41. a4 Kg7 42. h3 h5 43. Bb5 Rb2 44. Be8 Re2 45. Bb5 Rd2 46. Be8 Kh6 47.
Bb5 Kg5 48. Be8 Bc5 49. Bf7 Kf6 50. Be8 Kg5 51. Bf7 Ba7 52. Be8 Re2 53. Bb5 Rd2
54. Be8 Rb2 55. Bb5 Bd4 56. Be8 Rb4 57. Rd3 Kf6 58. Rd2 g5 59. Ra2 h4 60. gxh4
gxh4 61. Rc2 Ke5 62. Bb5 Rb3 63. Re2+ Kd5 64. Rc2 Ra3 65. Bc6+ Kd6 66. Rd2 Kc5
67. Rc2+ Bc3 68. Bd7 Kd4 69. Bxf5 Rxa4 70. Re2 Kd5 71. Kf3 Bf6 72. Be6+ Kc5 73.
Ra2 Rxa2 1/2-1/2

[Event "Whitsun Grandmasters IM 2014"]
[Site "Copenhagen"]
[Date "2014.06.06"]
[Round "6"]
[White "Milchev, Nikolay"]
[Black "Pedersen, Daniel Vesterbaek"]
[Result "1-0"]
[WhiteElo "2422"]
[BlackElo "2275"]
[PlyCount "119"]
[EventDate "2014.??.??"]

1. c4 Nf6 2. Nf3 e6 3. g3 d5 4. Bg2 Be7 5. O-O dxc4 6. Qa4+ Nbd7 7. Qxc4 c5 8.
d3 a6 9. Qb3 Ra7 10. a4 b6 11. Na3 Bb7 12. e4 Nb8 13. Nc4 Nfd7 14. Bf4 O-O 15.
Rfd1 Nc6 16. h4 Nd4 17. Nxd4 cxd4 18. Bf1 Bc5 19. Rdc1 Ba8 20. a5 b5 21. Ne5
Be7 22. Nxd7 Qxd7 23. Rc2 Bd6 24. Bxd6 Qxd6 25. Rac1 Rd7 26. Rc5 Bb7 27. Bg2 e5
28. Bh3 Re7 29. Bc8 Bxc8 30. Rxc8 Re6 31. Qc2 g6 32. Rc6 Qe7 33. Kg2 h5 34. Qb3
Qf6 35. Qd5 Rd8 36. Rc8 Red6 37. Qb7 Kg7 38. Rxd8 Qxd8 39. b4 Qf6 40. Rc8 Kh7
41. Rf8 Kg7 42. Qa8 Qe7 43. Rg8+ Kh7 44. Rh8+ Kg7 45. Re8 Qf6 46. Rc8 Kh7 47.
Qa7 Kg7 48. Qc7 Re6 49. Ra8 Rc6 50. Qb8 Kh6 51. Qf8+ Qg7 52. Qe8 Re6 53. Qd8
Qf6 54. Qf8+ Qg7 55. Qc5 Qf6 56. Rb8 Rc6 57. Qf8+ Qg7 58. Qe8 Re6 59. Qc8 Qf6
60. Rb6 1-0

[Event "Whitsun Grandmasters IM 2014"]
[Site "Copenhagen"]
[Date "2014.06.06"]
[Round "6"]
[White "Nilsen, Joachim Birger"]
[Black "Skousen, Nikolai"]
[Result "1-0"]
[WhiteElo "2334"]
[BlackElo "2167"]
[PlyCount "79"]
[EventDate "2014.??.??"]

1. c4 c5 2. g3 Nc6 3. Bg2 g6 4. Nc3 Bg7 5. d3 e6 6. e4 Nge7 7. Nge2 Nd4 8. O-O
O-O 9. Rb1 Nec6 10. a3 a5 11. Be3 h6 12. Nb5 e5 13. Nexd4 Nxd4 14. b4 Nxb5 15.
cxb5 cxb4 16. axb4 d6 17. Qd2 Kh7 18. bxa5 Qxa5 19. Qxa5 Rxa5 20. Bb6 Ra3 21.
Rfd1 Re8 22. Bc7 Bf8 23. d4 Kg7 24. Rd2 f5 25. exf5 gxf5 26. Bd5 e4 27. Kg2 Kf6
28. Rc1 f4 29. Re1 Bg4 30. Rc2 Bf3+ 31. Kf1 Kf5 32. Bxb7 d5 33. Bc6 Bb4 34.
Bxe8 Bxe1 35. Bd7+ Kg6 36. Kxe1 Ra1+ 37. Kd2 Rd1+ 38. Kc3 e3 39. Bxf4 e2 40.
Bd2 1-0

[Event "Whitsun Grandmasters IM 2014"]
[Site "Copenhagen"]
[Date "2014.06.06"]
[Round "6"]
[White "Schou Moldt, Thomas"]
[Black "Nilssen, John Arni"]
[Result "1/2-1/2"]
[WhiteElo "2215"]
[BlackElo "2328"]
[PlyCount "84"]
[EventDate "2014.??.??"]

1. e4 c5 2. Nf3 Nc6 3. d4 cxd4 4. Nxd4 e5 5. Nf5 Nf6 6. Nc3 d5 7. exd5 Bxf5 8.
dxc6 bxc6 9. Qf3 Qd7 10. Bc4 Be7 11. O-O e4 12. Qg3 O-O 13. Rd1 Qb7 14. Bb3
Rfe8 15. h3 Bg6 16. Na4 Bh5 17. Re1 Rad8 18. Bg5 Bg6 19. Nc3 Bd6 20. Qh4 Be7
21. Qg3 Bd6 22. Qh4 Be5 23. Be3 Nd5 24. Bg5 Nf6 25. Be3 Nd5 26. Bg5 f6 27. Bd2
Kh8 28. Na4 Ne7 29. Bc3 Nf5 30. Qg4 Nd4 31. Nc5 Qe7 32. Bxd4 Rxd4 33. Ne6 f5
34. Qg5 Bf6 35. Qe3 Rd6 36. Nf4 Bxb2 37. Rad1 Be5 38. Rxd6 Bxd6 39. Nxg6+ hxg6
40. Qe2 Qe5 41. g3 e3 42. Qxe3 Qxe3 1/2-1/2

[Event "Whitsun Grandmasters IM 2014"]
[Site "Copenhagen"]
[Date "2014.06.06"]
[Round "6"]
[White "Carstensen, Jacob"]
[Black "Schoorl, Rob"]
[Result "0-1"]
[WhiteElo "2383"]
[BlackElo "2337"]
[PlyCount "96"]
[EventDate "2014.??.??"]

1. d4 e6 2. c4 f5 3. Nc3 Nf6 4. Nf3 Bb4 5. Bd2 b6 6. g3 Bb7 7. Bg2 O-O 8. O-O
d5 9. Ng5 Bxc3 10. Bxc3 Qe7 11. Qb3 Nbd7 12. Rac1 Rab8 13. Rfd1 Ne4 14. Nh3 c5
15. cxd5 exd5 16. Nf4 c4 17. Qa4 a5 18. Be1 Qd6 19. b4 b5 20. Qa3 g5 21. Nh3 h6
22. Qb2 a4 23. a3 Rbe8 24. f3 Nef6 25. Qd2 Nh5 26. Bf2 g4 27. Nf4 Nxf4 28. gxf4
Re6 29. e4 fxe4 30. fxe4 dxe4 31. d5 Ree8 32. Qe2 Qxf4 33. Be3 Qf5 34. Bxh6 Ne5
35. Bxf8 Nf3+ 36. Bxf3 gxf3 37. Qf2 e3 38. Qg3+ Kxf8 39. Rd4 f2+ 40. Kg2 Bxd5+
41. Rxd5 Qxd5+ 42. Qf3+ Qxf3+ 43. Kxf3 Kg7 44. Ke2 Kg6 45. h4 Kh5 46. Rh1 c3
47. Rc1 Rf8 48. Kf1 e2+ 0-1

[Event "Whitsun Grandmasters IM 2014"]
[Site "Copenhagen"]
[Date "2014.06.06"]
[Round "7"]
[White "Lund, Silas"]
[Black "Milchev, Nikolay"]
[Result "1-0"]
[WhiteElo "2410"]
[BlackElo "2422"]
[PlyCount "189"]
[EventDate "2014.??.??"]

1. d4 Nf6 2. c4 g6 3. Nc3 Bg7 4. e4 d6 5. Nf3 O-O 6. Be2 c5 7. O-O Bg4 8. d5 b5
9. cxb5 a6 10. a4 axb5 11. Bxb5 Qa5 12. h3 Bd7 13. Bc4 Na6 14. Qe2 Rfb8 15. e5
Ne8 16. Bf4 Nac7 17. Rfc1 Bc8 18. b3 Ba6 19. Bd2 Qb6 20. Rab1 dxe5 21. Nxe5 Nf6
22. Nc6 Re8 23. a5 Qb7 24. Nxe7+ Kf8 25. d6 Ne6 26. Be3 Bxc4 27. bxc4 Qd7 28.
Qa2 Qxd6 29. Ned5 Nd7 30. Rb7 Ne5 31. Ne4 Qa6 32. Rb5 Nd7 33. Qd2 Qc6 34. Ng5
Nd4 35. Nxh7+ Kg8 36. Bxd4 cxd4 37. Ng5 Ne5 38. Nb6 Rab8 39. Rb3 Nd7 40. Qf4 f6
41. Nf3 Nxb6 42. axb6 f5 43. Nxd4 Qc5 44. Ne6 Qe5 45. Qxe5 Bxe5 46. Nc5 Bd4 47.
Nd3 Rxb6 48. Rxb6 Bxb6 49. c5 Bc7 50. Rb1 Kf7 51. Rb7 Re7 52. Kf1 Ke6 53. Nb4
Rd7 54. Ke2 Ba5 55. Rxd7 Kxd7 56. Nd5 Kc6 57. Ne7+ Kxc5 58. Nxg6 Kd5 59. Kf3
Bd2 60. Nf4+ Ke5 61. g3 Kf6 62. Ke2 Bc1 63. Kd3 Ke5 64. Ne2 Bb2 65. f4+ Kd5 66.
Nc3+ Ke6 67. Kc4 Bc1 68. Ne2 Be3 69. Nd4+ Kf6 70. Kd5 Bf2 71. Ne2 Be3 72. Nd4
Bc1 73. Nf3 Be3 74. Nh2 Bd2 75. Kd4 Bc1 76. Kd3 Ke6 77. Ke2 Kf6 78. Kf3 Kg6 79.
Nf1 Ba3 80. Ne3 Bc5 81. g4 fxg4+ 82. hxg4 Bd6 83. Ke4 Bb8 84. Ng2 Bc7 85. Nh4+
Kh6 86. Nf5+ Kg6 87. Ne7+ Kf7 88. Nd5 Bd6 89. Kf5 Bb8 90. g5 Bd6 91. Ne3 Kg7
92. Ng4 Be7 93. Nf6 Kf7 94. Nh5 Bd8 95. g6+ 1-0

[Event "Whitsun Grandmasters IM 2014"]
[Site "Copenhagen"]
[Date "2014.06.06"]
[Round "7"]
[White "Nilssen, John Arni"]
[Black "Hansen, Soren Bech"]
[Result "1-0"]
[WhiteElo "2328"]
[BlackElo "2325"]
[PlyCount "213"]
[EventDate "2014.??.??"]

1. d4 Nf6 2. c4 e6 3. Nc3 Bb4 4. g3 Nc6 5. Nf3 d6 6. Qc2 O-O 7. a3 Bxc3+ 8.
Qxc3 a5 9. b3 Qe7 10. Bb2 Re8 11. Bg2 e5 12. d5 Nb8 13. Nd2 Nbd7 14. O-O h6 15.
Rae1 Nc5 16. e4 Nh7 17. f4 f6 18. f5 Bd7 19. a4 Reb8 20. Ba3 Kf7 21. Qe3 Ke8
22. h4 Kd8 23. Bf3 Be8 24. Bd1 Kd7 25. Nb1 Bf7 26. Rf2 Rg8 27. Rg2 b6 28. Bc1
Kc8 29. Nc3 Kb7 30. Kh2 Rh8 31. Rf1 Nf8 32. Bd2 Nfd7 33. Kg1 Rag8 34. Na2 Ra8
35. Bc2 Na6 36. Rb1 Ndc5 37. Qe1 Rhb8 38. Be3 Be8 39. g4 Bf7 40. Qd2 Rh8 41.
Rg3 Qd7 42. Qg2 Qe7 43. Kf2 Rag8 44. Rh1 Nd7 45. Ke1 Ndc5 46. Rg1 Kc8 47. Kd2
Kb7 48. Kc3 Ra8 49. g5 hxg5 50. hxg5 Nd7 51. g6 Be8 52. Rh1 Rg8 53. Rgh3 Ndc5
54. R1h2 Bd7 55. Qh1 Raf8 56. Qb1 Qe8 57. Rh7 Qa8 58. Kd2 Qc8 59. Ke2 Qe8 60.
Bd2 Ka7 61. R2h4 Nb7 62. Qd1 Nbc5 63. Nc1 Qc8 64. Qh1 Kb8 65. Kd1 Qe8 66. Ne2
Kb7 67. Qh3 Kb8 68. Ng3 Nxb3 69. Bxb3 Nc5 70. Bc2 Bxa4 71. Bxa4 Qxa4+ 72. Ke2
Qxc4+ 73. Kf3 Qd3+ 74. Be3 Nb3 75. Qg2 a4 76. Qa2 Nd4+ 77. Kf2 Nc2 78. Nf1 b5
79. Bd2 Kb7 80. Rh3 Qxe4 81. R7h5 Nd4 82. Ne3 Ra8 83. Qa3 Qf4+ 84. Kg2 Qe4+ 85.
Kf2 Nb3 86. Qb4 Nxd2 87. Qxd2 a3 88. R5h4 Qb1 89. Nc2 a2 90. Rh1 Ra5 91. Qc3
a1=Q 92. Nxa1 Qxf5+ 93. Ke3 Qg5+ 94. Kd3 Qxg6+ 95. Kd2 Qg2+ 96. Kc1 Qg5+ 97.
Kb1 Ra6 98. Rb4 Rga8 99. Rxb5+ Kc8 100. Rh8+ Kd7 101. Rxa8 Qg1+ 102. Kc2 Qf2+
103. Kc1 Qf1+ 104. Kc2 Qe2+ 105. Kc1 Qxb5 106. Qh3+ Ke7 107. Qe6# 1-0

[Event "Whitsun Grandmasters IM 2014"]
[Site "Copenhagen"]
[Date "2014.06.06"]
[Round "7"]
[White "Pedersen, Daniel Vesterbaek"]
[Black "Nilsen, Joachim Birger"]
[Result "1/2-1/2"]
[WhiteElo "2275"]
[BlackElo "2334"]
[PlyCount "88"]
[EventDate "2014.??.??"]

1. e4 e5 2. Nc3 Nf6 3. Nf3 Nc6 4. Bb5 Bb4 5. d3 d6 6. O-O O-O 7. Bxc6 bxc6 8.
Ne2 Re8 9. c3 Bc5 10. Be3 Bb6 11. Ng3 h6 12. h3 Nh7 13. Qe2 Qe7 14. d4 Nf8 15.
Nh2 Ng6 16. Qf3 Rb8 17. b3 a5 18. Rfe1 Kh7 19. Nf5 Bxf5 20. Qxf5 Kg8 21. d5
Bxe3 22. Rxe3 Nf4 23. dxc6 Rb6 24. g3 Ne6 25. h4 Rxc6 26. Nf1 Rf8 27. h5 Qg5
28. Qxg5 Nxg5 29. Rd1 Rc5 30. a4 f5 31. exf5 Rxf5 32. Nd2 Rd5 33. Kf1 Nh3 34.
f3 Rxh5 35. c4 Rd4 36. Re4 Rxe4 37. Nxe4 Ng5 38. Nxg5 Rh1+ 39. Ke2 Rh2+ 40. Ke3
hxg5 41. Ke4 Re2+ 42. Kd5 Re3 43. Kc6 Rxb3 44. Kxc7 Rc3 1/2-1/2

[Event "Whitsun Grandmasters IM 2014"]
[Site "Copenhagen"]
[Date "2014.06.06"]
[Round "7"]
[White "Schoorl, Rob"]
[Black "Schou Moldt, Thomas"]
[Result "1-0"]
[WhiteElo "2337"]
[BlackElo "2215"]
[PlyCount "133"]
[EventDate "2014.??.??"]

1. e4 d6 2. d4 Nf6 3. Nc3 g6 4. Bg5 Bg7 5. Qd2 O-O 6. O-O-O c6 7. f3 b5 8. Kb1
Nbd7 9. e5 b4 10. Nce2 dxe5 11. dxe5 Nd5 12. f4 Nc5 13. Bh4 Qa5 14. Be1 Be6 15.
a3 Rab8 16. Qc1 Qa4 17. Rd4 Qa6 18. Ng3 Qa5 19. Bc4 Qb6 20. Bxd5 Bxd5 21. Rxb4
Qc7 22. Nf3 a5 23. Rd4 f6 24. Bc3 fxe5 25. Nxe5 Ne6 26. Ra4 Rb5 27. Re1 Bh6 28.
Ne2 Nc5 29. Rd4 Qb7 30. g3 Bg7 31. Ka1 Rb8 32. Red1 e6 33. g4 Nd7 34. Nxd7 Qxd7
35. f5 exf5 36. gxf5 Qe8 37. fxg6 hxg6 38. Nf4 Qf7 39. Nxd5 cxd5 40. Qd2 Qf5
41. Rxd5 Rxd5 42. Qxd5+ Qxd5 43. Rxd5 Bxc3 44. bxc3 a4 45. Ra5 Re8 46. Rxa4 Re2
47. h4 Rxc2 48. Rc4 Kf7 49. Kb1 Rf2 50. a4 Ke6 51. a5 Kd5 52. Ra4 Rf7 53. a6
Ra7 54. Kc2 Kc5 55. c4 Kb6 56. Kc3 Kc7 57. c5 Kb8 58. Kc4 Rf7 59. Kb5 Rf1 60.
Rg4 Rh1 61. Kc6 Ka7 62. Rd4 Ra1 63. Kd7 Kxa6 64. c6 Rf1 65. c7 Rf7+ 66. Kc6 Rf8
67. Ra4# 1-0

[Event "Whitsun Grandmasters IM 2014"]
[Site "Copenhagen"]
[Date "2014.06.06"]
[Round "7"]
[White "Skousen, Nikolai"]
[Black "Carstensen, Jacob"]
[Result "0-1"]
[WhiteElo "2167"]
[BlackElo "2383"]
[PlyCount "92"]
[EventDate "2014.??.??"]

1. Nf3 Nf6 2. g3 d5 3. Bg2 c6 4. O-O Bf5 5. c4 e6 6. d3 h6 7. Qb3 Qb6 8. Nc3
Nbd7 9. cxd5 Qxb3 10. axb3 exd5 11. e4 Be6 12. Nd4 Bc5 13. exd5 Bxd4 14. dxe6
fxe6 15. b4 Nd5 16. b5 Nc5 17. bxc6 bxc6 18. Ne2 Bf6 19. d4 Nd3 20. Ra6 Kd7 21.
Be3 Rhb8 22. Nc3 Rxb2 23. Na4 Rb3 24. Ra1 Kc7 25. Be4 N3b4 26. Nc5 Nxa6 27.
Nxb3 Kb6 28. Nc5 Nxc5 29. dxc5+ Kc7 30. Ra6 Bc3 31. Kf1 Kb7 32. Ra2 a5 33. Bc1
Kc7 34. Re2 a4 35. Bb1 Kd7 36. f4 Bd4 37. Ba2 Bxc5 38. Bb2 Bf8 39. Be5 a3 40.
Ke1 g5 41. fxg5 hxg5 42. h4 Bd6 43. hxg5 Bxe5 44. Rxe5 Nc3 45. Bxe6+ Kd6 46.
Re3 Nd5 0-1

[Event "Whitsun Grandmasters IM 2014"]
[Site "Copenhagen"]
[Date "2014.06.07"]
[Round "8"]
[White "Nilsen, Joachim Birger"]
[Black "Lund, Silas"]
[Result "1/2-1/2"]
[WhiteElo "2334"]
[BlackElo "2410"]
[PlyCount "86"]
[EventDate "2014.??.??"]

1. Nf3 d5 2. c4 e6 3. g3 Nf6 4. Bg2 Be7 5. O-O O-O 6. d4 c6 7. Nfd2 b5 8. c5 e5
9. dxe5 Ng4 10. Nb3 Na6 11. e4 Nxc5 12. exd5 cxd5 13. Nc3 Nxb3 14. axb3 Be6 15.
Nxd5 Rc8 16. Nxe7+ Qxe7 17. Qd6 Qxd6 18. exd6 Rfd8 19. Bf4 Rd7 20. Rfc1 Rxc1+
21. Rxc1 g5 22. Bxg5 Rxd6 23. h3 Ne5 24. Bf4 f6 25. Bxe5 fxe5 26. Rc5 Rd1+ 27.
Kh2 Rd2 28. Rxe5 Bf7 29. f4 Rxb2 30. Rxb5 Rxb3 31. Bf1 Rxb5 32. Bxb5 a5 33. Ba4
Kf8 34. g4 Be8 35. Bc2 h6 36. h4 a4 37. Bxa4 Bxa4 38. h5 Kg7 39. g5 Bd1 40.
gxh6+ Kxh6 41. f5 Bxh5 42. f6 Kg5 43. f7 Bxf7 1/2-1/2

[Event "Whitsun Grandmasters IM 2014"]
[Site "Copenhagen"]
[Date "2014.06.07"]
[Round "8"]
[White "Milchev, Nikolay"]
[Black "Nilssen, John Arni"]
[Result "1-0"]
[WhiteElo "2422"]
[BlackElo "2328"]
[PlyCount "71"]
[EventDate "2014.??.??"]

1. c4 e6 2. Nf3 d5 3. g3 Nf6 4. Bg2 Be7 5. O-O O-O 6. d4 dxc4 7. Qa4 a6 8. Qxc4
b5 9. Qc2 Bb7 10. Bd2 Nbd7 11. Ba5 Ra7 12. Nbd2 Qa8 13. b4 Bd6 14. Rfe1 e5 15.
e4 Re8 16. Rac1 exd4 17. Nxd4 c5 18. Nf5 Bf8 19. bxc5 Bxc5 20. Qb2 Re5 21. Bh3
Qf8 22. Bc3 Ba3 23. Qa1 Bxc1 24. Rxc1 Re6 25. Bd4 Ra8 26. Rc7 Bxe4 27. Nxg7 Bd5
28. Nxe6 fxe6 29. Ne4 Nxe4 30. Rxd7 Qf3 31. Rg7+ Kf8 32. Bg2 Qf5 33. Qc1 Nd6
34. g4 Qd3 35. Qf4+ Ke8 36. Qxd6 1-0

[Event "Whitsun Grandmasters IM 2014"]
[Site "Copenhagen"]
[Date "2014.06.07"]
[Round "8"]
[White "Hansen, Soren Bech"]
[Black "Schoorl, Rob"]
[Result "0-1"]
[WhiteElo "2325"]
[BlackElo "2337"]
[PlyCount "62"]
[EventDate "2014.??.??"]

1. e4 e6 2. d4 d5 3. e5 c5 4. c3 Nc6 5. Be3 Nh6 6. Nf3 Nf5 7. Bd3 Nxe3 8. fxe3
Qb6 9. Qd2 Bd7 10. O-O f6 11. Kh1 O-O-O 12. a4 fxe5 13. dxc5 Bxc5 14. e4 a5 15.
Na3 Be8 16. Qc2 Bg6 17. Nb5 Rhf8 18. Ng5 Rfe8 19. exd5 Bxd3 20. Qxd3 exd5 21.
Qxh7 e4 22. Qf5+ Rd7 23. Ne6 Nd8 24. Nec7 g6 25. Qg4 Re5 26. Rad1 Ne6 27. Qg3
Rg5 28. Qh3 Nxc7 29. Rf7 Qe6 30. Rxd7 Qxd7 31. Na7+ Bxa7 0-1

[Event "Whitsun Grandmasters IM 2014"]
[Site "Copenhagen"]
[Date "2014.06.07"]
[Round "8"]
[White "Carstensen, Jacob"]
[Black "Schou Moldt, Thomas"]
[Result "1/2-1/2"]
[WhiteElo "2383"]
[BlackElo "2215"]
[PlyCount "73"]
[EventDate "2014.??.??"]

1. d4 d5 2. c4 c6 3. Nf3 Nf6 4. Nc3 dxc4 5. a4 Bf5 6. e3 e6 7. Bxc4 Bb4 8. O-O
Nbd7 9. Qe2 Bg6 10. Ne5 Nd5 11. Nxg6 hxg6 12. Bd2 Qa5 13. Rfc1 N7f6 14. Bd3 Bd6
15. h3 Nb4 16. Na2 Nfd5 17. Bc4 Qd8 18. Nxb4 Nxb4 19. e4 O-O 20. a5 b6 21. axb6
axb6 22. Rxa8 Qxa8 23. Qg4 Qa4 24. Bc3 b5 25. Bxe6 Nd3 26. Rf1 Nf4 27. Bd7 Qc4
28. g3 Ne2+ 29. Kg2 b4 30. Bd2 Nxd4 31. Rc1 Qd3 32. Be3 c5 33. Rd1 Qc4 34. Rc1
Qd3 35. Rd1 Qc4 36. Rc1 Qd3 37. Rd1 1/2-1/2

[Event "Whitsun Grandmasters IM 2014"]
[Site "Copenhagen"]
[Date "2014.06.07"]
[Round "8"]
[White "Skousen, Nikolai"]
[Black "Pedersen, Daniel Vesterbaek"]
[Result "1-0"]
[WhiteElo "2167"]
[BlackElo "2275"]
[PlyCount "31"]
[EventDate "2014.??.??"]

1. b3 d5 2. Bb2 Nf6 3. f4 c5 4. e3 Nc6 5. Nf3 a6 6. Ne5 Qc7 7. d3 Nd7 8. Nxc6
Qxc6 9. Nd2 f6 10. c4 e6 11. Be2 d4 12. Bh5+ g6 13. Bf3 Qb6 14. Qe2 e5 15. O-O
Bg7 16. Bd5 1-0

[Event "Whitsun Grandmasters IM 2014"]
[Site "Copenhagen"]
[Date "2014.06.07"]
[Round "9"]
[White "Schoorl, Rob"]
[Black "Milchev, Nikolay"]
[Result "0-1"]
[WhiteElo "2337"]
[BlackElo "2422"]
[PlyCount "64"]
[EventDate "2014.??.??"]

1. e4 d5 2. exd5 Qxd5 3. Nc3 Qd6 4. g3 g6 5. Bg2 Bg7 6. Nge2 Nc6 7. O-O a6 8.
d3 Nf6 9. Ne4 Nxe4 10. dxe4 O-O 11. Qxd6 cxd6 12. Nf4 Rb8 13. c3 b5 14. Rb1 b4
15. cxb4 Nxb4 16. a3 Nc2 17. b4 Bd7 18. Nd5 e6 19. Ne3 Ba4 20. Bf3 Nd4 21. Bg2
Bb5 22. Re1 Bd3 23. Rb2 Rfc8 24. e5 Bxe5 25. Ng4 Bg7 26. Bf4 Nc2 27. Rxc2 Rxc2
28. Bxd6 Rbc8 29. Bc5 Bc3 30. Rb1 Ra2 31. Rc1 Rxa3 32. Bd4 Ra1 0-1

[Event "Whitsun Grandmasters IM 2014"]
[Site "Copenhagen"]
[Date "2014.06.07"]
[Round "9"]
[White "Nilssen, John Arni"]
[Black "Nilsen, Joachim Birger"]
[Result "1/2-1/2"]
[WhiteElo "2328"]
[BlackElo "2334"]
[PlyCount "84"]
[EventDate "2014.??.??"]

1. d4 d5 2. c4 c6 3. Nc3 Nf6 4. e3 e6 5. Nf3 Nbd7 6. Bd3 dxc4 7. Bxc4 b5 8. Be2
Bb7 9. O-O Be7 10. e4 b4 11. e5 bxc3 12. exf6 Bxf6 13. bxc3 c5 14. Be3 cxd4 15.
Bxd4 O-O 16. Bxf6 Nxf6 17. Qxd8 Rfxd8 18. Rab1 Be4 19. Rb3 Rac8 20. Rc1 Rc7 21.
Kf1 Kf8 22. Ke1 Ke7 23. g3 Bxf3 24. Bxf3 Nd7 25. Rd1 Rdc8 26. Ra3 Rb8 27. Be2
Nc5 28. f3 Rb2 29. Rd2 Rb1+ 30. Rd1 Rb2 31. Rd2 Rb1+ 32. Rd1 Rxd1+ 33. Kxd1 Kd6
34. Kc2 Kc6 35. c4 Re7 36. Re3 e5 37. Bf1 f5 38. Kc3 Re8 39. Re1 Re7 40. Re3
Re8 41. Re1 Re7 42. Re3 Re8 1/2-1/2

[Event "Whitsun Grandmasters IM 2014"]
[Site "Copenhagen"]
[Date "2014.06.07"]
[Round "9"]
[White "Lund, Silas"]
[Black "Skousen, Nikolai"]
[Result "1-0"]
[WhiteElo "2410"]
[BlackElo "2167"]
[PlyCount "103"]
[EventDate "2014.??.??"]

1. d4 Nf6 2. c4 e6 3. Nc3 Bb4 4. e3 b6 5. Bd3 Bb7 6. Nf3 Ne4 7. O-O Bxc3 8.
bxc3 O-O 9. Ne1 f5 10. f3 Nf6 11. Nc2 d6 12. Qe2 Nbd7 13. Rf2 Qe7 14. Bd2 Rf7
15. Re1 Raf8 16. Ref1 Ne8 17. e4 fxe4 18. Bxe4 d5 19. Bd3 Nd6 20. Re1 Re8 21.
Ne3 Qd8 22. Qd1 Qc8 23. Rfe2 c5 24. cxd5 exd5 25. Ng4 Rxe2 26. Qxe2 Nf8 27. Ne5
Re7 28. Qf2 cxd4 29. cxd4 Nc4 30. Bb4 Rc7 31. Bxc4 dxc4 32. Bd6 Bd5 33. Bxc7
Qxc7 34. f4 b5 35. f5 Qb6 36. Ng4 h5 37. Ne3 Bf7 38. d5 Nd7 39. Rd1 Ne5 40. d6
Nd3 41. d7 Qd4 42. Ng4 Qxd7 43. Ne5 Qc8 44. Nxd3 cxd3 45. Qd4 Bc4 46. f6 gxf6
47. Qxf6 Qc5+ 48. Kh1 Qe3 49. Qg6+ Kh8 50. Rf1 Qc5 51. Rf5 Bf7 52. Qf6+ 1-0

[Event "Whitsun Grandmasters IM 2014"]
[Site "Copenhagen"]
[Date "2014.06.07"]
[Round "9"]
[White "Schou Moldt, Thomas"]
[Black "Hansen, Soren Bech"]
[Result "1/2-1/2"]
[WhiteElo "2215"]
[BlackElo "2325"]
[PlyCount "121"]
[EventDate "2014.??.??"]

1. e4 c5 2. Nf3 e6 3. d4 cxd4 4. Nxd4 Nc6 5. Nc3 Qc7 6. Be3 Nf6 7. a3 a6 8. Be2
Be7 9. Qd2 d6 10. f4 O-O 11. g4 b5 12. g5 Nd7 13. Nxc6 Qxc6 14. Bf3 Bb7 15. Qg2
Qc4 16. Rd1 Rac8 17. h4 f5 18. Rd4 Qc7 19. Rd1 Nc5 20. O-O Bc6 21. Rfe1 Qb7 22.
Bc1 a5 23. b4 axb4 24. axb4 Na4 25. Rd3 Nxc3 26. Rxc3 fxe4 27. Bg4 Bd5 28. Rxc8
Rxc8 29. Qh3 Rxc2 30. Bxe6+ Kh8 31. Be3 Bf8 32. h5 Rc4 33. h6 Bxe6 34. Qxe6 Qc8
35. Qxc8 Rxc8 36. Bd4 d5 37. Rd1 Rd8 38. Kf2 Kg8 39. hxg7 Bxg7 40. Ke3 Bf8 41.
Bc5 Bg7 42. Bd4 Kf7 43. f5 Bxd4+ 44. Kxd4 Rg8 45. Ke3 Rd8 46. Kd4 h6 47. gxh6
Kf6 48. Rh1 Kxf5 49. h7 Rh8 50. Kxd5 e3 51. Kc5 Ke4 52. Kxb5 e2 53. Re1 Kd3 54.
Ka6 Kd2 55. Rxe2+ Kxe2 56. b5 Kd3 57. b6 Kc4 58. b7 Kc5 59. Ka7 Rxh7 60. Ka8
Rxb7 61. Kxb7 1/2-1/2

[Event "Whitsun Grandmasters IM 2014"]
[Site "Copenhagen"]
[Date "2014.06.07"]
[Round "9"]
[White "Pedersen, Daniel Vesterbaek"]
[Black "Carstensen, Jacob"]
[Result "1/2-1/2"]
[WhiteElo "2275"]
[BlackElo "2383"]
[PlyCount "136"]
[EventDate "2014.??.??"]

1. e4 c5 2. c3 Nf6 3. e5 Nd5 4. d4 cxd4 5. Nf3 e6 6. cxd4 d6 7. Bc4 Be7 8. O-O
O-O 9. Bd2 Nc6 10. Nc3 Nb6 11. Bb3 dxe5 12. dxe5 Na5 13. Bc2 Nac4 14. Bc1 Qxd1
15. Rxd1 Bd7 16. Be4 Na5 17. Be3 Bc6 18. Bxc6 bxc6 19. b3 Nd5 20. Bd2 Nb7 21.
Na4 Nb6 22. Nxb6 axb6 23. Be3 Bc5 24. Bxc5 Nxc5 25. b4 Na4 26. Rac1 c5 27. bxc5
bxc5 28. Rd7 c4 29. Rc7 c3 30. Ng5 Rfb8 31. Ne4 h6 32. g3 Rb2 33. Nxc3 Nxc3 34.
R1xc3 Rbxa2 35. Rf3 Rf8 36. Rc5 Rd2 37. h4 Rfd8 38. Rc7 R8d7 39. Rc8+ Rd8 40.
Rc7 R2d7 41. Rxd7 Rxd7 42. Re3 g5 43. Re4 Rd5 44. Kg2 Kg7 45. h5 Ra5 46. Kh3
Ra1 47. Kg4 Rf1 48. f4 gxf4 49. gxf4 Rg1+ 50. Kh4 Rh1+ 51. Kg4 f5+ 52. exf6+
Kxf6 53. Re5 Rg1+ 54. Kh4 Rd1 55. Kg4 Rd5 56. Rxd5 exd5 57. Kf3 Kf5 58. Ke3 Kg4
59. Kd4 Kxh5 60. Kxd5 Kg4 61. Ke5 h5 62. f5 h4 63. f6 h3 64. f7 h2 65. f8=Q
h1=Q 66. Qg7+ Kh3 67. Qh6+ Kg2 68. Qxh1+ Kxh1 1/2-1/2